| 000 | 00358nam a2200133Ia 4500 | ||
|---|---|---|---|
| 008 | 150202s9999 xx 000 0 und d | ||
| 020 | _a586021906 | ||
| 050 |
_aFIC _bFIC |
||
| 100 | _aRaven, Simon. | ||
| 245 |
_aFriends in low places / _cSimon Raven. |
||
| 260 |
_aNew York : _bPanther Books, _c1965. |
||
| 300 |
_a256 pages : _c18 cm. |
||
| 650 | _aFiction. | ||
| 999 |
_c282350 _d282350 |
||